Catálogo

LA CELULA VIVA (Registro nro. 34659)

Detalles MARC
000 -LEADER
fixed length control field 00349nam a2200157 a 4500
001 - CONTROL NUMBER
control field 34659
005 - DATE AND TIME OF LATEST TRANSACTION
control field 20230414123606.0
008 - FIXED-LENGTH DATA ELEMENTS--GENERAL INFORMATION
fixed length control field 140415s1970 sp 000 0 spa d
041 ## - LANGUAGE CODE
Language code of text/sound track or separate title spa
082 ## - DEWEY DECIMAL CLASSIFICATION NUMBER
Classification number 574
Item number CEL
245 03 - TITLE STATEMENT
Title LA CELULA VIVA
250 ## - EDITION STATEMENT
Edition statement 2A ED.
260 ## - PUBLICATION, DISTRIBUTION, ETC.
Place of publication, distribution, etc. ESPAÑA :
Name of publisher, distributor, etc. BLUME,
Date of publication, distribution, etc. 1970
300 ## - PHYSICAL DESCRIPTION
Extent 419
650 14 - SUBJECT ADDED ENTRY--TOPICAL TERM
Topical term or geographic name entry element BIOLOGIA
General subdivision CEELULAS
Existencias
Withdrawn status Lost status Source of classification or shelving scheme Damaged status Not for loan Collection code Home library Current library Shelving location Date acquired Source of acquisition Inventory number Total Checkouts Full call number Barcode Date last seen Date last checked out Price effective from Koha item type
    Dewey Decimal Classification     General Biblioteca Karol Wojtyla Biblioteca Karol Wojtyla Sala general 03/12/2013 Compra 151000000000000000000373 2 574 CEL 5243 05/01/2026 10/02/2020 03/12/2013 Libro
Descarte   Dewey Decimal Classification       Biblioteca Karol Wojtyla Biblioteca Karol Wojtyla   03/12/2013 Compra     508.1 CIE 8410     05/04/2016 Libro